000 01616nam a2200337 a 4500
001 00156
003 DO-SdBNP
005 20160425105904.0
007 00156
008 150130s2008 dr 2008 000 0 spa d
040 _aBPMSU
_bspa
_cBPMSU
092 _a372.7
_bM425g 5to. 2008
245 0 0 _aMatemática 5:
_bguías para el aprendizaje /
_cMargarita Luciano...[et al.]
260 _aSanto Domingo :
_bSecretaría de Estado de Educación,
_c2008
300 _a 321 p. :
_bil., retrs. ;
_c28 cm.
490 1 _aEscuela multigrado innovada
505 1 _gunidad 1 --
_tLeemos, escribimos y operamos con números naturales --
_gunidad 2 --
_tRealizamos otras operaciones con números naturales --
_gunidad 3 --
_tComparamos, ordenamos y operamos números fraccionarios --
_gunidad 4 --
_tConocemos y aplicamos los números decimales --
_gunidad 5 --
_tRazones, proporciones y porcentajes --
_gunidad 6 --
_tIdentificamos la geometría en la vida --
_gunidad 7 --
_tMediciones --
_gunidad 8 --
_tOrganizamos y analizamos datos --
650 4 _aMATEMÁTICAS
_xENSEÑANZA BÁSICA
650 4 _aMATEMÁTICAS
_xEDUCACIÓN PRIMARIA
650 4 _aMATEMÁTICAS
_xESTUDIOS Y EJERCÍCIOS
650 4 _aMATEMÁTICAS
_xLIBROS DE TEXTOS
700 1 2 _aLuciano, Margarita
830 0 _aEscuela multigrado innovada
910 _aValidado. Control de calidad MFF
930 1 _lBND01
_mLF1
_820091113
_f01
_pHD
_g7441
930 1 _lBND01
_mLF1
_820091113
_f01
_pHD
_g7441
942 _2ddc
_cBK
956 _aYLOCKWARD
_b10
_c20150720
_lBND01
_h1554
956 _aVMATEO
_b10
_c20150721
_lBMPSU
_h00151
956 _aBTAVÁREZ
_b10
_c20160407
_lBPMSU
_h00156
999 _c9612
_d9612